00523nam a2200193Ia 450000500170000000800410001702000150005808200130007310000240008624500110011026000400012130000130016165000100017465000160018465000130020094200060021395200950021999900150031420240930035516.0240331s9999 xx 000 0 und d a955573352X bRAJa808 aRajakarunanayake, S 0aSambol aNugegodabSarasavi Publishersc2005 a223 p ., aWomen aShort Story aPolitics cL 001040708LaWERCLbWERCLcSSCd2024-03-31l0o 808 RAJp5593r2024-03-31w2024-03-31yL c3120d3120